000 00444nam a22001217a 4500
040 _cHS
082 _a624
110 _aនាយកដ្ឋានធារាសាស្ត្រកសិកម្ម
245 _aសាងសង់ស្ថានីយបូមទឹកធម្មយុទ្ធ ឃុំចំប៉ី ស្រុកបាទី ខេត្តតាកែវ
260 _aCambodia
_b2009
300 _aNA
942 _cKB
999 _c9929
_d9929